Kizo - Złoto i Biel - Statystyki

Ogólne statystyki
  • Ten quiz został rozwiązany 34 razy
  • Średni wynik to 6 z 11
Statystyki odpowiedzi
Numer Gość Utwór % Poprawnych
1 Złoto i Biel
84%
7 Taco Hemingway Niebieski Bentley
72%
11 Qry Toskania
72%
9 Major SPZ Tryb komfort
66%
8 Miasto 24h
59%
10 Sapi Tha King Paulo Notoelo
59%
6 Mr. Polska i Tymek Rajaner
56%
2 Fchuy
44%
3 Joda Nam się udało
44%
5 Qry Nigdy nuda
44%
4 Korytarze
38%
Nie znaleziono quizów pasujących do podanych kryteriów
Rozkład punktacji
Procent ludzi z każdym wynikiem
Percentyl według liczby udzielonych odpowiedzi
Twoja historia wyników
Nie rozwiązałeś tego quizu